[Event "Oslo Chess Festival 2018"]
[Site "Oslo"]
[Date "2018.10.05"]
[Round "8"]
[White "Sriram, Jha"]
[Black "Rishovd, Svein"]
[Result "1-0"]
[WhiteElo "2394"]
[BlackElo "2054"]
[Annotator "TA"]
[PlyCount "110"]
[EventDate "2018.09.30"]
[EventCountry "NOR"]
[SourceTitle "playchess.com"]
[Source "ChessBase"]
[SourceQuality "1"]

{[%evp 9,110,26,26,22,27,17,35,29,49,40,66,58,72,72,65,66,66,66,55,30,45,58,61,36,42,41,31,16,37,36,38,36,44,30,51,0,14,0,0,-70,33,33,33,31,50,33,29,27,25,33,36,34,52,52,52,59,81,52,116,118,101,64,87,82,76,70,87,79,104,85,137,137,135,130,146,150,137,137,140,130,155,122,103,87,93,44,166,134,1074,787,2097,2035,12830,2119,12836,11827,12832,11220,10483,11295,29985,29983,12843]} 1. d4 d5 2. c4 e6 3. Nc3 Bb4 4. cxd5 exd5 5. Bf4 c6 6. e3 {D31: Queen's Gambit Declined: Semi-Slav without ...Nf6 (+ Marshall Gambit and Noteboom) and Exchange Variation lines without ...Nf6} Bf5 7. Nge2 {[%cal Bg1e2,Be2g3,Bg3f5][%mdl 32]} (7. Bd3 Bxd3 8. Qxd3 Ne7 9. Nge2 Nd7 10. O-O O-O 11. a3 Ba5 12. Rfc1 a6 13. Bg5 {½-½ (74) Andreikin,D (2708)-Fedoseev,V (2731) Sochi 2017}) 7... Nf6 8. Ng3 {White is slightly better.} Bg6 9. h4 {[%cal Bh2h4,Bh4h5][%mdl 32] Hoping for h5.} h6 $146 ({Predecessor:} 9... h5 10. Bd3 Bxd3 11. Qxd3 g6 12. Bg5 Nbd7 13. e4 {1-0 (31) Pashikian,A (2626)-Barsov,A (2489) Tashkent 2014}) 10. h5 Bh7 {[#]} 11. Bd3 $1 Bxd3 12. Qxd3 O-O 13. Nf5 Re8 14. f3 Na6 15. g4 Nc7 16. Kf2 Ne6 17. Be5 Bf8 18. Rag1 Nh7 19. Bg3 Qd7 20. Ne2 Neg5 21. Nf4 Nf6 22. Qc2 Rac8 23. Nd3 c5 24. dxc5 (24. Qd1 $11) 24... Nge4+ (24... d4 $1 $15 25. e4 Ngxe4+ 26. fxe4 Rxe4) 25. Kg2 $14 ({Don't go for} 25. fxe4 $2 Nxg4+ 26. Ke1 dxe4 $19) 25... Nxc5 26. Nxc5 Rxc5 27. Qd2 Rec8 {[#] Strongly threatening ...Rc2.} 28. Nd4 Bd6 29. Bxd6 Qxd6 30. Rc1 Rxc1 31. Rxc1 Rxc1 32. Qxc1 Qd7 33. Qd1 g6 ({Black should play} 33... Qc7 $14) 34. hxg6 $16 fxg6 35. Qc2 Kg7 36. Qc5 b6 37. Qc3 Kf7 38. Nc6 {And now Ne5+ would win.} Kg7 39. b4 {[%cal Bb2b4,Bb4b5][%mdl 32]} Qe6 (39... d4 $142 40. Nxd4 Nd5) 40. Nd4 Qd6 41. b5 Kh7 42. Qc6 Qe7 43. Ne6 Kg8 44. Nf4 Qf7 45. Qc8+ Kh7 46. Ne6 Ne8 47. Qc6 Nf6 (47... Ng7 $1 $14 48. Nxg7 Kxg7) 48. g5 $36 {[%mdl 2048] Black must now prevent Nd8. White is in control.} Ng8 $2 {[%mdl 8192]} (48... Nh5 $16) 49. Qxd5 $18 h5 50. e4 Ne7 51. Qd7 Kg8 52. a4 Kh7 53. f4 Kg8 54. Kg1 Kh7 55. f5 gxf5 {Precision: White = 73%, Black = 38%.} 1-0

[Event "Oslo Chess Festival 2018"]
[Site "Oslo"]
[Date "2018.10.05"]
[Round "8"]
[White "Kaasen, Tor Fredrik"]
[Black "Movsziszian, Karen"]
[Result "1-0"]
[WhiteElo "2388"]
[BlackElo "2523"]
[Annotator "TA"]
[PlyCount "85"]
[EventDate "2018.09.30"]
[EventCountry "NOR"]
[SourceTitle "playchess.com"]
[Source "ChessBase"]
[SourceQuality "1"]

{[%evp 14,85,55,56,62,45,58,41,57,58,50,31,44,29,22,-7,37,5,39,16,23,23,33,25,100,85,113,58,80,69,143,137,167,145,138,137,195,206,202,163,203,204,214,188,213,228,303,300,293,295,301,302,402,391,435,449,434,409,627,599,600,618,607,614,756,752,728,721,817,802,1022,937,4894,962]} 1. e4 g6 2. d4 Bg7 3. Nf3 d6 4. c3 Nf6 5. Bd3 O-O 6. O-O c5 7. Re1 Nc6 {B07: Pirc-Ufimzew-Verteidigung} (7... Bg4 8. Nbd2 Nfd7 9. h3 Bxf3 10. Nxf3 Nc6 11. Be3 a6 12. Qd2 Rc8 13. Rac1 b5 14. b4 Qc7 15. a3 {½-½ (55) Van Foreest,J (2629)-Kokarev,D (2615) Riadh 2017}) 8. d5 {LiveBook: 4 Partien} Na5 $146 ({Vorgänger:} 8... Nb8 9. c4 Bg4 10. Nbd2 Na6 11. h3 Bxf3 12. Nxf3 Nd7 13. Bf1 Nc7 14. a4 a6 15. a5 {0-1 (56) Ovod,E (2362)-Gritsayeva,O (2321) Sochi 2016}) 9. Nbd2 b6 {Weiß steht etwas besser.} 10. Qc2 Qc7 11. c4 e5 12. a3 Nh5 13. b4 Nb7 14. Nb3 f5 15. Rb1 f4 16. Rd1 Bd7 17. Bd2 h6 18. bxc5 dxc5 (18... Nxc5 $11 19. Nxc5 Qxc5) 19. Bc3 $36 {[%mdl 2048] Weiss bestimmt, wo es lang geht.} Rae8 20. Be2 ({Günstiger ist} 20. a4 $16) 20... Nd6 21. Nbd2 Kh7 (21... Nf6 $14) 22. a4 Nf7 23. Ne1 Nf6 {[#]} 24. a5 $1 {[%mdl 512]} bxa5 (24... g5 $16 25. axb6 axb6) 25. Nd3 $18 a4 26. Qb2 Rb8 27. Qa3 ({Bloß nicht} 27. Bxe5 $6 Nxe5 28. Qxe5 Qxe5 $14) 27... Rxb1 28. Rxb1 Rc8 29. Bd1 Ne8 30. Bxa4 Bxa4 31. Qxa4 Ned6 32. Ra1 f3 33. Qxa7 Qd8 34. Nxf3 Rc7 35. Qa2 Nxe4 (35... Qe7 $142 36. Nd2 Ng5) 36. Ba5 {Weiß steht klar auf Gewinn.} Ned6 {Schwarz hofft, mit ...e4 fortzusetzen.} 37. Bxc7 Qxc7 38. Qa7 Qd8 39. Ndxe5 Nxe5 40. Nxe5 Qh4 41. Re1 Qd4 42. Qe7 Nf5 43. Qe6 {Precision: Weiß = 54%, Schwarz = 21%.} 1-0

[Event "Oslo Chess Festival 2018"]
[Site "Oslo"]
[Date "2018.10.05"]
[Round "8"]
[White "Cherniaev, Alexander"]
[Black "Gonzalez, Francisco Silva"]
[Result "1-0"]
[WhiteElo "2384"]
[BlackElo "2145"]
[Annotator "NA RC"]
[PlyCount "59"]
[EventDate "2018.09.30"]
[EventCountry "NOR"]
[SourceTitle "playchess.com"]
[Source "ChessBase"]
[SourceQuality "1"]
[TimeControl "90/30+30:0"]

1. e4 {[%emt 0:00:00]} e5 {[%emt 0:00:00]} 2. Nf3 {[%emt 0:00:00]} Nc6 {[%emt 0:00:00]} 3. Bb5 {[%emt 0:00:00]} a6 {[%emt 0:00:00]} 4. Ba4 {[%emt 0:00:00]} Nf6 {[%emt 0:00:00]} 5. O-O {[%emt 0:00:00]} Bc5 {[%emt 0:00:00]} 6. c3 {[%emt 0:00:00]} b5 {[%emt 0:00:00]} 7. Bc2 {[%emt 0:00:00]} d6 {[%emt 0:00:00]} 8. d4 {[%emt 0:00:00]} Bb6 {[%emt 0:00:00]} 9. h3 {[%emt 0:00:00]} Bd7 {[%emt 0:00:00]} 10. a3 {[%emt 0:00:00]} O-O {[%emt 0:00:00]} 11. Be3 {[%emt 0:00:00]} Re8 {[%emt 0:00:00]} 12. Nbd2 {[%emt 0:00:00]} h6 $11 {[%emt 0:00:00]} 13. Re1 {[%emt 0:00:00]} Rb8 {[%emt 0:00:00]} 14. b4 {[%emt 0:00:00]} a5 {[%emt 0:00:00]} 15. Rb1 {[%emt 0:00:00]} axb4 {[%emt 0:00:00]} 16. axb4 {[%emt 0:00:00]} Qc8 {[%emt 0:00:00]} 17. Bd3 {[%emt 0:00:00]} d5 {[%emt 0:00:00]} 18. Nxe5 {[%emt 0:00:00]} Nxe5 {[%emt 0:18:00]} 19. dxe5 {[%emt 0:00:00]} Rxe5 {[%emt 0:00:00]} 20. f4 Re8 {[%emt 0:22:03]} 21. e5 {[%emt 0:07:16]} c5 {[%emt 0:00:00]} 22. bxc5 Bxc5 {[%emt 0:00:00]} 23. Bd4 Bxd4+ 24. cxd4 {[%emt 0:00:00]} Qc3 {[%emt 0:00:00]} 25. Nb3 {[%emt 0:00:00]} Nh7 {[%emt 0:00:00]} 26. Qf3 {[%emt 0:00:00]} Qb4 {[%emt 0:00:00]} 27. Bxh7+ {[%emt 0:00:00]} Kxh7 {[%emt 0:00:00]} 28. Qd3+ {[%emt 0:00:00]} g6 {[%emt 0:00:00]} 29. Nc5 {[%emt 0:00:00]} Bf5 {[%emt 0:00:00]} 30. Rxb4 {[%emt 0:00:00]} 1-0

[Event "Oslo Chess Festival 2018"]
[Site "Oslo"]
[Date "2018.10.05"]
[Round "8"]
[White "Vijayalakshmi, Subbaraman"]
[Black "Smeby, Ole"]
[Result "1-0"]
[WhiteElo "2359"]
[BlackElo "1998"]
[Annotator "NA RC"]
[PlyCount "57"]
[EventDate "2018.09.30"]
[EventCountry "NOR"]
[SourceTitle "playchess.com"]
[Source "ChessBase"]
[SourceQuality "1"]
[TimeControl "90/30+30:0"]

1. Nf3 {[%emt 0:00:00]} Nf6 {[%emt 0:00:00]} 2. g3 {[%emt 0:00:00]} g6 {[%emt 0:00:00]} 3. Bg2 {[%emt 0:00:00]} Bg7 {[%emt 0:00:00]} 4. d4 {[%emt 0:00:00]} O-O {[%emt 0:00:00]} 5. b3 {[%emt 0:00:00]} c5 {[%emt 0:00:00]} 6. O-O {[%emt 0:00:00]} Nc6 {[%emt 0:00:00]} 7. Bb2 {[%emt 0:00:00]} cxd4 {[%emt 0:00:00]} 8. Nxd4 {[%emt 0:00:00] LiveBook: 4 Games} Nxd4 {[%emt 0:00:00]} 9. Bxd4 {[%emt 0:00:00]} Qc7 {[%emt 0:00:00]} 10. c4 {[%emt 0:00:00]} d6 {[%emt 0:00:00]} 11. Nc3 {[%emt 0:00:00] E60: King's Indian: Unusual lines and Fianchetto Variation without Nc3} Bd7 {[%emt 0:00:00]} (11... a6 12. Rc1 Be6 13. Qd2 Rfe8 14. Rfd1 Rab8 15. Na4 Nd7 16. Be3 b6 17. Nc3 Rec8 18. Nd5 Bxd5 19. cxd5 {1-0 (38) Georgiadis,N (2465)-Jancovic,P (2171) Wroclaw 2014}) 12. Bxf6 {[%emt 0:00:00]} exf6 {[%emt 0:00:00]} 13. Nd5 {[%emt 0:00:00]} Qb8 $146 {[%emt 0:00:00]} ({Predecessor:} 13... Qd8 14. Qd2 Bc6 15. Rad1 Rc8 16. Nb4 Bxg2 17. Kxg2 Re8 18. e3 f5 {0-1 (44) Hoehn,M (2075)-Guenther,P (2212) Germany 2014}) 14. Qd2 {[%emt 0:00:00]} Re8 {[%emt 0:00:00]} 15. Rad1 {[%emt 0:00:00]} Bc6 {[%emt 0:00:00]} 16. e3 {[%emt 0:00:00]} Qd8 {[%emt 0:00:00]} 17. Nf4 {[%emt 0:00:00]} Bxg2 {[%emt 0:00:00]} 18. Kxg2 {[%emt 0:00:00]} f5 {[%emt 0:00:00]} 19. Qxd6 {[%emt 0:00:00]} Qa5 {[%emt 0:00:00]} 20. Qd2 {[%emt 0:00:00]} Bc3 {[%emt 0:00:00]} 21. Qc2 {[%emt 0:00:00]} Bg7 {[%emt 0:00:00]} 22. Rd5 {[%emt 0:00:00]} Qc7 {[%emt 0:00:00]} 23. Rfd1 {[%emt 0:00:00]} Qc6 {[%emt 0:00:00]} 24. Kg1 {[%emt 0:00:00]} Rab8 {[%emt 0:00:00]} 25. Rd6 {[%emt 0:00:00]} Qf3 {[%emt 0:00:00]} 26. Rd7 {[%emt 0:00:00]} a6 {[%emt 0:00:00]} 27. c5 {[%emt 0:00:00]} g5 {[%emt 0:00:00]} 28. Qxf5 $18 {[%emt 0:00:00]} f6 {[%emt 0:00:00]} 29. Rxg7+ {[%emt 0:00:00]} 1-0

[Event "Oslo Chess Festival 2018"]
[Site "Oslo"]
[Date "2018.10.05"]
[Round "8"]
[White "Mikalsen, Erlend"]
[Black "Pavlovic, Milos"]
[Result "0-1"]
[WhiteElo "2332"]
[BlackElo "2481"]
[Annotator "RC"]
[PlyCount "46"]
[EventDate "2018.09.30"]
[EventCountry "NOR"]
[SourceTitle "playchess.com"]
[Source "ChessBase"]
[SourceQuality "1"]
[TimeControl "90/30+30:0"]

1. e4 {[%emt 0:00:00]} c5 {[%emt 0:00:00]} 2. Nf3 {[%emt 0:00:00]} d6 {[%emt 0:00:00]} 3. d4 {[%emt 0:00:00]} cxd4 {[%emt 0:00:00]} 4. Nxd4 {[%emt 0:00:00]} Nf6 {[%emt 0:00:00]} 5. Nc3 {[%emt 0:00:00]} a6 {[%emt 0:00:00]} 6. Bc4 {[%emt 0:00:00]} e6 {[%emt 0:00:00]} 7. Bb3 {[%emt 0:00:00]} b5 {[%emt 0:00:00]} 8. f4 {[%emt 0:00:00]} Bb7 {[%emt 0:00:00]} 9. e5 {[%emt 0:00:00]} dxe5 {[%emt 0:00:00]} 10. fxe5 {[%emt 0:00:00]} Bc5 {[%emt 0:00:00]} 11. Be3 {[%emt 0:00:00]} Bxd4 {[%emt 0:00:00]} 12. Bxd4 {[%emt 0:00:00]} Nc6 {[%emt 0:00:00]} 13. exf6 {[%emt 0:00:00]} Qxd4 {[%emt 0:00:00]} 14. fxg7 {[%emt 0:00:00]} Qxg7 {[%emt 0:00:00]} 15. O-O {[%emt 0:00:00]} Nd4 {[%emt 0:00:00]} 16. Rf2 {[%emt 0:00:00]} O-O-O {[%emt 0:00:00]} 17. Qf1 {[%emt 0:00:00]} Rhg8 {[%emt 0:00:00]} 18. a4 {[%emt 0:00:00]} b4 {[%emt 0:00:05]} 19. Qc4+ {[%emt 0:00:00]} Kb8 {[%emt 0:00:04]} 20. Qxb4 {[%emt 0:00:00]} Qg4 {[%emt 0:02:53]} 21. Qb6 {[%emt 0:00:00]} Ka8 {[%emt 0:01:34]} 22. Nb5 {[%emt 0:00:00]} Nxb5 {[%emt 0:00:09]} 23. axb5 {[%emt 0:00:00]} Rd1+ {[%emt 0:00:04]} 0-1

[Event "Oslo Chess Festival 2018"]
[Site "Oslo"]
[Date "2018.10.05"]
[Round "8"]
[White "Van Zyl-Rudd, Jack"]
[Black "Korneev, Oleg"]
[Result "0-1"]
[WhiteElo "2265"]
[BlackElo "2560"]
[Annotator "TA"]
[PlyCount "70"]
[EventDate "2018.09.30"]
[EventCountry "NOR"]
[SourceTitle "playchess.com"]
[Source "ChessBase"]
[SourceQuality "1"]

{[%evp 21,70,28,31,-6,0,0,0,0,0,-6,0,-6,0,0,0,0,121,-125,-123,-137,-135,-145,-136,-150,-144,-117,-129,-214,-214,-213,-212,-208,-209,-209,-196,-207,-214,-233,-221,-225,-184,-245,-223,-354,-346,-1269,-1255,-5514,-5512,-5457,-5120]} 1. d4 {Huzman,A} d5 2. c4 dxc4 3. Nf3 a6 4. e3 Nf6 5. Bxc4 b5 6. Bd3 e6 7. O-O Bb7 8. a4 b4 9. Nbd2 {D26: Queen's Gambit Accepted: 4 e3 e6 5 Bxc5 c5 sidelines} c5 10. e4 cxd4 11. e5 Nfd7 {LiveBook: 11 Games} 12. Ne4 h6 $146 13. Bf4 Nc5 14. Nxc5 Bxc5 15. Nd2 Nd7 16. Rc1 Rc8 $36 {[%mdl 2048] White is under pressure.} 17. Qe2 a5 18. Ne4 Be7 (18... Bxe4 $11 {keeps the balance.} 19. Qxe4 Kf8) 19. Qh5 $2 (19. Nd6+ $16 Bxd6 20. exd6) 19... Bxe4 $17 20. Bxe4 Nc5 21. Bb1 Bg5 22. Bxg5 Qxg5 23. Qe2 O-O 24. Rc4 (24. h4 $17 Qe7 25. Qb5) 24... d3 25. Bxd3 Nxd3 (25... Nxa4 26. Rg4 $15) 26. Qxd3 {[#]} Rxc4 $1 ({Much less strong is} 26... Qxe5 27. Rd4) 27. Qxc4 Qxe5 $19 {[%mdl 4096] Endgame KQR-KQR} 28. b3 Rd8 29. g3 g6 30. Rc1 Kg7 31. Qb5 (31. Qc2 $142) 31... Rd5 32. Qc6 (32. Qf1 {is a better defense.}) 32... Rd3 {Strongly threatening ...Rc3.} 33. Qc5 $2 {[#]} (33. Qb5 Rd5 34. Qf1) 33... Rd1+ $1 {[%mdl 512] Black is clearly winning.} 34. Kg2 (34. Rxd1 Qxc5) 34... Qe4+ 35. Kh3 Rd5 {Precision: White = 35%, Black = 70%.} 0-1

[Event "Oslo Chess Festival 2018"]
[Site "Oslo"]
[Date "2018.10.05"]
[Round "8"]
[White "Vasyliv, Stanislav"]
[Black "Ranaldi, Lucas"]
[Result "1-0"]
[WhiteElo "2142"]
[BlackElo "2335"]
[Annotator "NA RC"]
[PlyCount "53"]
[EventDate "2018.09.30"]
[EventCountry "NOR"]
[SourceTitle "playchess.com"]
[Source "ChessBase"]
[SourceQuality "1"]
[TimeControl "90/30+30:0"]

1. d4 {[%emt 0:00:00]} Nf6 {[%emt 0:00:00]} 2. Nf3 {[%emt 0:00:00]} g6 {[%emt 0:00:00]} 3. c4 {[%emt 0:00:00]} Bg7 {[%emt 0:00:00]} 4. Nc3 {[%emt 0:00:00]} O-O {[%emt 0:00:00]} 5. e4 {[%emt 0:00:00]} d6 {[%emt 0:00:00]} 6. Be2 {[%emt 0:00:00]} Na6 {[%emt 0:00:00]} 7. O-O {[%emt 0:00:00]} e5 {[%emt 0:00:00]} 8. Be3 {[%emt 0:00:00]} Ng4 {[%emt 0:00:00]} 9. Bg5 {[%emt 0:00:00]} Qe8 {[%emt 0:00:00]} 10. Re1 {[%emt 0:00:00] E94: King's Indian: Classical: 6 Be2 e5 7 0-0: Various Black 7th moves} exd4 {[%emt 0:00:00]} 11. Nd5 {[%emt 0:00:00]} f6 {[%emt 0:00:00]} 12. Bf4 {[%emt 0:00:00]} c6 {[%emt 0:00:00]} 13. Bxd6 {[%emt 0:00:00]} cxd5 {[%emt 0:00:00]} 14. exd5 {[%emt 0:00:00]} Rf7 {[%emt 0:00:00]} 15. c5 {[%emt 0:00:00]} Qd8 {[%emt 0:00:00] [#]} 16. Bxa6 $146 {[%emt 0:00:00]} ({Predecessor:} 16. Nxd4 Nh6 17. Ne6 Bxe6 18. dxe6 Re7 19. c6 Nc7 20. cxb7 Rb8 21. Bxe7 Qxe7 22. Qd7 {1-0 (22) Kasimdzhanov,R (2679)-Pruijssers,R (2458) Netherlands 2009}) 16... bxa6 {[%emt 0:00:00]} 17. Nxd4 {[%emt 0:00:00]} f5 {[%emt 0:00:00]} 18. Ne6 {[%emt 0:00:00]} Bxe6 {[%emt 0:00:00]} 19. dxe6 {[%emt 0:00:00]} Re7 $18 {[%emt 0:00:00]} 20. Bxe7 {[%emt 0:00:00]} Qxe7 {[%emt 0:00:00]} 21. Qd7 {[%emt 0:00:00]} Qxc5 {[%emt 0:08:09]} 22. Qf7+ {[%emt 0:00:00]} Kh8 {[%emt 0:00:01]} 23. e7 {[%emt 0:00:00]} Qxf2+ {[%emt 0:00:32]} 24. Kh1 {[%emt 0:00:00]} h6 {[%emt 0:01:38]} 25. e8=Q+ {[%emt 0:00:00]} Rxe8 {[%emt 0:00:11]} 26. Rxe8+ {[%emt 0:00:00]} Kh7 {[%emt 0:00:08]} 27. Qg8# {[%emt 0:00:02]} 1-0

[Event "Oslo Chess Festival 2018"]
[Site "Oslo"]
[Date "2018.10.05"]
[Round "8"]
[White "Abdrlauf, Elham"]
[Black "Nordquelle, Daniel"]
[Result "0-1"]
[WhiteElo "2080"]
[BlackElo "2235"]
[Annotator "NA RC"]
[PlyCount "52"]
[EventDate "2018.09.30"]
[EventCountry "NOR"]
[SourceTitle "playchess.com"]
[Source "ChessBase"]
[SourceQuality "1"]
[TimeControl "90/30+30:0"]

1. e4 {[%emt 0:00:00]} e6 {[%emt 0:00:00]} 2. d4 {[%emt 0:00:00]} d5 {[%emt 0:00:00]} 3. Nd2 {[%emt 0:00:00]} Be7 {[%emt 0:00:00]} 4. Ngf3 {[%emt 0:00:00]} dxe4 {[%emt 0:00:00]} 5. Nxe4 {[%emt 0:00:00]} Nf6 {[%emt 0:00:00]} 6. Bd3 {[%emt 0:00:00]} Nbd7 {[%emt 0:00:00]} 7. O-O {[%emt 0:00:00]} b6 {[%emt 0:00:00]} 8. Ne5 {[%emt 0:00:00]} Bb7 $16 {[%emt 0:00:00]} 9. Nxf7 {[%emt 0:00:00]} Kxf7 {[%emt 0:00:00]} 10. Ng5+ {[%emt 0:00:00]} Kg8 {[%emt 0:00:00]} 11. Nxe6 {[%emt 0:00:00]} Qc8 {[%emt 0:00:00]} 12. Nf4 {[%emt 0:00:00]} Nd5 {[%emt 0:00:00]} 13. Bf5 {[%emt 0:00:00]} Nxf4 {[%emt 0:00:00]} 14. Bxf4 {[%emt 0:00:00]} Qd8 {[%emt 0:00:00]} 15. Be6+ {[%emt 0:00:00]} Kf8 {[%emt 0:00:00]} 16. c4 {[%emt 0:00:00]} Bd6 {[%emt 0:00:00]} 17. Bxd6+ {[%emt 0:00:00]} cxd6 {[%emt 0:00:00]} 18. d5 {[%emt 0:00:00]} Nc5 {[%emt 0:00:00]} 19. Re1 {[%emt 0:00:00]} Nxe6 {[%emt 0:00:00]} 20. Rxe6 {[%emt 0:00:00]} Bc8 {[%emt 0:00:00]} 21. Qf3+ {[%emt 0:00:00]} Kg8 {[%emt 0:00:00]} 22. Rae1 {[%emt 0:00:00]} Bxe6 {[%emt 0:00:00]} 23. dxe6 {[%emt 0:00:00]} Qf8 {[%emt 0:00:00]} 24. Qd5 {[%emt 0:00:00]} Re8 {[%emt 0:00:00]} 25. e7+ {[%emt 0:00:00]} Qf7 {[%emt 0:00:00]} 26. Qxd6 {[%emt 0:00:00]} h5 {[%emt 0:00:00]} 0-1

[Event "Oslo Chess Festival 2018"]
[Site "Oslo"]
[Date "2018.10.05"]
[Round "8"]
[White "Melaa, Sondre Lillestøl"]
[Black "Stella, Andrea"]
[Result "0-1"]
[WhiteElo "2077"]
[BlackElo "2500"]
[Annotator "TA"]
[PlyCount "121"]
[EventDate "2018.09.30"]
[EventCountry "NOR"]
[SourceTitle "playchess.com"]
[Source "ChessBase"]
[SourceQuality "1"]

{[%evp 21,121,-13,-2,-39,-24,-50,0,-24,-23,-19,-21,-29,-10,-17,-18,-36,-12,-4,0,0,0,-54,-41,-56,-58,-78,-78,-105,-109,-108,-108,-106,-108,-106,-106,-132,-144,-202,-197,-191,-122,-122,-122,-113,-108,-294,-276,-362,-338,-389,-389,-385,-382,-354,-354,-477,-472,-447,-432,-535,-535,-531,-515,-502,-475,-482,-487,-479,-472,-456,-362,-358,-342,-455,-453,-450,-311,-445,-418,-510,-390,-601,-501,-6528,-6437,-29979,-29980,-29980,-29980,-29980,-29981,-29981,-29981,-29984,-29985,-29984,-29985,-29985,-29986,-29987,-29988,-29988]} 1. e4 e5 2. Nf3 Nc6 3. d4 exd4 4. Nxd4 Nf6 5. Nxc6 bxc6 6. e5 Qe7 7. Qe2 Nd5 8. c4 Ba6 9. Nd2 g6 10. Nf3 {C45: Scotch Game} Qb4+ 11. Kd1 Ne7 {LiveBook: 8 Games} 12. b3 {The position is equal.} (12. Qc2 c5 13. Bd3 Bg7 14. Re1 O-O 15. Qb3 Nc6 16. Bd2 Qb6 17. Qxb6 axb6 {0-1 (32) Jones,G (2668)-Kramnik,V (2803) Douglas 2017}) 12... Bg7 $1 13. Qd2 $146 ({Predecessor:} 13. Bb2 O-O 14. Qd2 Qxd2+ 15. Kxd2 c5 16. Bd3 Bb7 17. Rhe1 Rfe8 {0-1 (26) Puccini,J (2264)-Ly,M (2493) Ballarat 2018}) 13... Qxd2+ (13... Qb6 {is interesting.} 14. Bb2 c5 15. Bd3 O-O 16. Ke2 Rae8) 14. Bxd2 (14. Kxd2 {looks sharper.} c5 15. Ba3 Nc6 16. Bd3 d6 17. Be4) 14... c5 15. Kc2 Bb7 16. Bc3 O-O 17. Rd1 Rad8 18. Bd3 Bxf3 19. gxf3 Nc6 20. Rhe1 d6 {[%cal Rg7e5]} 21. exd6 ({White should play} 21. Be4 $11 Nxe5 22. h3) 21... Rxd6 22. Be4 {[#] And now Rxd6 would win.} Nd4+ 23. Bxd4 Bxd4 24. Bd5 c6 25. Be4 f5 26. Bd3 Bxf2 27. Re7 Rf7 $36 {[%mdl 2048] Black has strong initiative.} 28. Rxf7 Kxf7 29. Bf1 (29. Rd2 $17 {was called for.} Be3 30. Re2) 29... Rxd1 $19 30. Kxd1 {[%mdl 4096] Endgame KB-KB} Bg1 (30... Ke6 $19 31. f4 Be3) 31. h4 $17 h5 32. Ke2 Bh2 33. Ke3 $2 {[#]} (33. f4 $17) 33... Bg3 $19 34. f4 Ke6 ({Not} 34... Bxh4 35. Bg2 $17) 35. Bg2 Kd6 36. Kf3 Bxh4 37. Ke3 Be1 38. Ke2 Bc3 39. Kf3 h4 40. Ke2 Kc7 41. Kd3 Bb2 42. Kc2 Bg7 43. Kd3 Kb6 44. Kd2 Bf8 45. Kd3 Bd6 46. Ke3 Bc7 47. Bf1 Ka5 48. a3 Bd6 49. Bh3 (49. Bg2 $142) 49... Bf8 50. Kd3 Bh6 51. Kc3 (51. Ke3 $142 Bg7 52. Bg2) 51... Bxf4 52. b4+ (52. Kd3 $142 Bc1 53. a4) 52... Ka4 53. bxc5 Kxa3 {Black mates.} 54. Bg2 Be5+ 55. Kd3 a5 {[%cal Ba7a5,Ba5a4,Ba4a3][%mdl 32]} 56. Bxc6 Kb3 57. Bd5 a4 58. c6 a3 59. c5+ Kb2 60. c7 Bxc7 61. Kd4 {Precision: White = 34%, Black = 87%.} 0-1

[Event "Oslo Chess Festival 2018"]
[Site "Oslo"]
[Date "2018.10.05"]
[Round "8"]
[White "Lillevold, Frode"]
[Black "Vestby-Ellingsen, Mads"]
[Result "0-1"]
[WhiteElo "2063"]
[BlackElo "2410"]
[Annotator "TA"]
[PlyCount "70"]
[EventDate "2018.09.30"]
[EventCountry "NOR"]
[SourceTitle "playchess.com"]
[Source "ChessBase"]
[SourceQuality "1"]

{[%evp 29,70,78,84,64,77,54,45,45,141,145,150,42,49,22,35,45,34,-6,54,3,3,-103,-88,-95,-94,-79,-97,-122,-51,-165,-160,-156,-138,-245,-241,-300,-236,-578,-581,-608,-563,-1187,-1147]} 1. d4 Nf6 2. c4 g6 3. f3 Bg7 4. e4 d6 5. Nc3 O-O 6. Be3 c5 7. d5 e6 8. Nge2 {[%cal Bg1e2,Be2g3,Bg3h1,Bh1f2][%mdl 32]} exd5 9. cxd5 Nbd7 10. Ng3 Ne5 11. Be2 a6 12. a4 h5 13. O-O h4 {A65: Modern Benoni: 6 e4} (13... Re8 14. Qd2 Nh7 15. Rf2 Rb8 16. Nf1 Bd7 17. h3 b5 18. axb5 Bxb5 19. Nxb5 axb5 20. Ra6 Nf6 21. b3 {1-0 (63) Morozevich,A (2748)-Kamsky,G (2762) Beijing 2012}) 14. Nh1 Nh7 15. f4 Nd7 {LiveBook: 3 Games. White is better.} 16. Nf2 f5 17. Qd2 Re8 18. Rae1 $146 ({Predecessor:} 18. Bd3 Ndf6 19. Rae1 Kh8 20. Qc2 fxe4 21. Nfxe4 {½-½ (89) Schwarz,D (2294)-Markosian,D (2428) Tatranske Zruby 2009}) 18... Bxc3 (18... fxe4 $14 19. Ncxe4 (19. Nfxe4 Ndf6 $11) 19... Ndf6) 19. bxc3 $16 fxe4 20. f5 (20. Ng4 $16) 20... gxf5 $14 21. Bh5 Ne5 22. Bxe8 Qxe8 23. Nh3 Qe7 (23... Bd7 $11) 24. Bg5 (24. Bf4 $14) 24... Nxg5 $11 25. Qxg5+ (25. Nxg5 $11 {remains equal.} Nd3 26. Rb1) 25... Qxg5 $17 26. Nxg5 {[#]} Kg7 $1 27. Rb1 Rb8 28. Rf4 Kg6 (28... b5 $17 {Threatens to win with ...b4.} 29. axb5 Rxb5) 29. Ne6 (29. Nh3 $1 $15) 29... Bxe6 $19 30. dxe6 {[%mdl 4096] Endgame KRR-KRN} Kg5 31. Rf2 {[#]} (31. g3 $17) 31... Nd3 $1 {[%cal Rd3f2]} 32. Rff1 Re8 33. Rxb7 $2 (33. Rfd1 {is a better chance.}) 33... e3 {Black is clearly winning.} 34. Rg7+ Kh6 35. Ra7 Rxe6 {Precision: White = 15%, Black = 43%.} 0-1